书目信息 |
| 题名: |
裸女
|
|
| 作者: | 莫里斯 著 ;施棣 译 | |
| 分册: | ||
| 出版信息: | 北京 新星出版社 2006 |
|
| 页数: | 367页 | |
| 开本: | 23cm | |
| 丛书名: | 东西文库 | |
| 单 册: | ||
| 中图分类: | Q983 | |
| 科图分类: | ||
| 主题词: | 女性--体质人类学--研究--世界 , 体质人类学 , 女性 | |
| 电子资源: | ||
| ISBN: | 7-80225-172-9 | |
| 000 | 01202oam2 2200313 450 | |
| 001 | 003364277 | |
| 005 | 20070805181633.76 | |
| 010 | @a7-80225-172-9@dCNY36.00 | |
| 100 | @a20060104d2006 em y0chiy0110 ea | |
| 101 | 1 | @achi@ceng |
| 102 | @aCN@b110000 | |
| 105 | @aa z 000yy | |
| 200 | 1 | @a裸女@9luo nv@e女性身体的美丽与哀愁@f(英)戴斯蒙德·莫里斯(Desmond Morris)著@g施棣译 |
| 210 | @a北京@c新星出版社@d2006 | |
| 215 | @a367页@c图@d23cm | |
| 225 | 2 | @a东西文库 |
| 312 | @a英文原名:The naked woman: a study of the female body | |
| 330 | @a作者在书中很好地讲述了女性的身体形态所发生的沿革,这也是继他完成《裸猿》之后,又一次从人类学的高度,对人体做出的精要描述和分析。全书包括:进化、头发、眉毛、耳朵、眼睛、鼻子、面颊、嘴唇、嘴、脖子、肩膀、手臂等23章。 | |
| 461 | 0 | @12001 @a东西文库 |
| 510 | 1 | @aNaked woman@ea study of the female body@zeng |
| 517 | 1 | @a女性身体的美丽与哀愁@9nv xing shen ti de mei li yu ai chou |
| 606 | 0 | @a女性@x体质人类学@x研究@y世界 |
| 606 | 0 | @a体质人类学 |
| 606 | 0 | @a女性 |
| 690 | @aQ983@v4 | |
| 701 | 0 | @c(英)@a莫里斯@9mo li si@c(Morris, Desmond@f1928~)@4著 |
| 702 | 0 | @a施棣@9shi di@4译 |
| 801 | 0 | @aCN@bNLC@c20070805 |
| 905 | @a10447@dQ983@e29 | |
| 裸女:女性身体的美丽与哀愁/(英)戴斯蒙德·莫里斯(Desmond Morris)著/施棣译.-北京:新星出版社,2006 |
| 367页:图;23cm.-(东西文库) |
| ISBN 7-80225-172-9:CNY36.00 |
| 作者在书中很好地讲述了女性的身体形态所发生的沿革,这也是继他完成《裸猿》之后,又一次从人类学的高度,对人体做出的精要描述和分析。全书包括:进化、头发、眉毛、耳朵、眼睛、鼻子、面颊、嘴唇、嘴、脖子、肩膀、手臂等23章。 |
| ● |
| 相关链接 |
|
|
|
|
正题名:裸女
索取号:Q983/29
 
预约/预借
| 序号 | 登录号 | 条形码 | 馆藏地/架位号 | 状态 | 备注 |
| 1 | 0806192 | 208061924 | 第二样本阅览室/ [索取号:Q983/29] | 在馆 | |
| 2 | 0806193 | 208061933 | 第三借阅区/ [索取号:Q983/29] | 在馆 | |
| 3 | 0806194 | 208061942 | 第三借阅区/ [索取号:Q983/29] | 在馆 | |
| 4 | 0806195 | 208061951 | 第三借阅区/ [索取号:Q983/29] | 在馆 | |
| 5 | 0806196 | 208061960 | 第三借阅区/ [索取号:Q983/29] | 在馆 | |
| 6 | 0806197 | 208061979 | 第三借阅区/ [索取号:Q983/29] | 在馆 | |
| 7 | 0806198 | 208061988 | 第三借阅区/ [索取号:Q983/29] | 在馆 | |
| 8 | 0806199 | 208061997 | 第三借阅区/ [索取号:Q983/29] | 在馆 | |
| 9 | 0806200 | 208062004 | 第三借阅区/ [索取号:Q983/29] | 在馆 | |
| 10 | 0806201 | 208062013 | 第三借阅区/ [索取号:Q983/29] | 在馆 |